Nomenclátor de la Provincia de Barcelona
Descripción Física:
208 p. ; 42 cm
MARC
| LEADER | 00000nam a2200000Ia 4500 | ||
|---|---|---|---|
| 001 | 9860 | ||
| 003 | AGDB | ||
| 005 | 20260324175412.0 | ||
| 008 | 160829s9999 xx 000 0 cat d | ||
| 040 | |a agdb |b cat | ||
| 080 | |a FOL-1-3 | ||
| 245 | |a Nomenclátor de la Provincia de Barcelona | ||
| 260 | |a [s.l. : |b s.n. ; |c 1860 ?] | ||
| 300 | |a 208 p. ; |c 42 cm | ||
| 590 | |a Al llom del llibre hi consta: Casa de Caridad. | ||
| 590 | |a No es troba l'any en cap pàgina del llibre. No obstant, les dades corresponen, probablement, al cens de l'any 1860. | ||
| 650 | |a Topònims |x Barcelona (Província) |9 31833 | ||
| 650 | |a Barcelona (Província) |x Població |9 22372 | ||
| 650 | |a Barcelona (Província) |x Censos |x 1860 |9 31834 | ||
| 901 | |a Arxiu | ||
| 942 | |n 1 |2 udc |c ARXIU | ||
| 952 | |0 0 |1 0 |4 0 |6 FOL13 |7 1 |9 45769 |a Arxiu |b Arxiu |d 2016-12-01 |l 0 |o FOL-1-3 |p 9860 |r 2016-12-01 00:00:00 |w 2016-12-01 |y ARXIU | ||
| 999 | |c 49269 |d 49269 | ||